000 01404nam a2200361Ia 4500
001 ebr10748452
003 CaPaEBR
006 m o u
007 cr cn|||||||||
008 060303s2006 paua sb s001 0 eng d
010 _z 2006042135
020 _z081223944X (alk. paper)
020 _z9780812239447
020 _z9780812201048
040 _aCaPaEBR
_cCaPaEBR
035 _a(OCoLC)859160604
050 1 4 _aPN687.C53
_bA33 2006eb
082 0 4 _a809/.933579
_222
100 1 _aAdams, Jenny,
_d1969-
245 1 0 _aPower play
_h[electronic resource] :
_bthe literature and politics of chess in the Late Middle Ages /
_cJenny Adams.
260 _aPhiladelphia :
_bUniversity of Pennsylvania Press,
_cc2006.
300 _a252 p. :
_bill.
490 1 _aThe Middle Ages series
504 _aIncludes bibliographical references (p. [225]-244) and index.
533 _aElectronic reproduction.
_bPalo Alto, Calif. :
_cebrary,
_d2013.
_nAvailable via World Wide Web.
_nAccess may be limited to ebrary affiliated libraries.
650 0 _aLiterature, Medieval
_xHistory and criticism.
650 0 _aChess in literature.
650 0 _aChess
_xHistory.
655 7 _aElectronic books.
_2local
710 2 _aebrary, Inc.
830 0 _aMiddle Ages series.
856 4 0 _uhttp://site.ebrary.com/lib/rucke/Doc?id=10748452
_zAn electronic book accessible through the World Wide Web; click to view
999 _c113257
_d113257